[Event "Swiss Queens Wed #3"]
[Site "FIDE Online Arena INT"]
[Date "2024.02.14"]
[Round "9"]
[White "Mendoza, Beverly"]
[Black "Duarte Cramer, Lily Jeanette"]
[Result "0-1"]
[WhiteElo "1945"]
[BlackElo "1429"]
[PlyCount "112"]
[EventDate "2024.02.14"]
[EventType "swiss (blitz)"]
[EventRounds "11"]
[EventCountry "NET"]
[SourceTitle "CB08_2024"]
[SourceDate "2024.02.21"]
[SourceVersion "1"]
[SourceVersionDate "2024.02.21"]
[SourceQuality "1"]

1. d4 d6 2. e4 Nf6 3. Nc3 Nbd7 4. Bc4 e5 5. Nf3 Be7 6. Qe2 0-0 7. Be3 c6 8. 0-0-0 b5 9. dxe5 dxe5 10. Bb3 a5 11. Nxe5 a4 12. Nxc6 Qe8 13. Nxe7+ Qxe7 14. Bd5 Nxd5 15. Nxd5 Qxe4 16. f3 Qe5 17. Qxb5 a3 18. Bd4 axb2+ 19. Kb1 Qb8 20. Ne7+ Kh8 21. Qg5 f6 22. Qh5 Ne5 23. Bxe5 fxe5 24. Ng6+ Kg8 25. Nxf8 Kxf8 26. Rd8+ Ke7 27. Qg5+ Kf7 28. Rhd1 Qb5 29. Qh5+ Ke7 30. Qh4+ Kf7 31. Qh5+ Ke7 32. Qg5+ Kf7 33. R8d5 Qb7 34. Qxe5 Be6 35. Qf4+ Ke7 36. Qd6+ Kf7 37. Qf4+ Ke7 38. Qg5+ Kf7 39. Rf5+ Bxf5 40. Qxf5+ Ke7 41. Qe5+ Kf7 42. Qf5+ Kg8 43. Qe6+ Kf8 44. Qb3 Qxb3 45. axb3 Ra1+ 46. Kxb2 Rxd1 47. b4 Rg1 48. c4 Rxg2+ 49. Kc3 Ke7 50. b5 Kd7 51. Kd4 Kc7 52. f4 Rxh2 53. Kc5 Rd2 54. b6+ Kb7 55. Kb5 Rd4 56. c5 Rd5 0-1

[Event "Swiss Queens Wed #3"]
[Site "FIDE Online Arena INT"]
[Date "2024.02.14"]
[Round "7"]
[White "Mendoza, Beverly"]
[Black "Felix Vega, Aurora Edith"]
[Result "0-1"]
[WhiteElo "1945"]
[BlackElo "1922"]
[PlyCount "66"]
[EventDate "2024.02.14"]
[EventType "swiss (blitz)"]
[EventRounds "11"]
[EventCountry "NET"]
[SourceTitle "CB08_2024"]
[SourceDate "2024.02.21"]
[SourceVersion "1"]
[SourceVersionDate "2024.02.21"]
[SourceQuality "1"]

1. d4 Nf6 2. Bf4 e6 3. e3 Be7 4. Nf3 0-0 5. Nbd2 d6 6. Bd3 Nbd7 7. Bg3 b6 8. Qe2 Bb7 9. e4 c5 10. c3 Re8 11. 0-0 Bf8 12. e5 dxe5 13. dxe5 Nd5 14. Ne4 g6 15. Rad1 Bc6 16. Nd6 Bg7 17. Nxe8 Qxe8 18. Rfe1 a6 19. Be4 b5 20. h4 N7b6 21. h5 Rd8 22. hxg6 hxg6 23. Ng5 Nc4 24. Rb1 Nxe5 25. f4 Nc4 26. Rbd1 Nd6 27. Bxd5 Bxd5 28. Qg4 Bxa2 29. Qh4 Nf5 30. Rxd8 Qxd8 31. Qh7+ Kf8 32. Bh4 Qd2 33. Rf1 Qe3+ 0-1

[Event "Swiss Queens Wed #3"]
[Site "FIDE Online Arena INT"]
[Date "2024.02.14"]
[Round "5"]
[White "Mendoza, Beverly"]
[Black "Narva, Regina R"]
[Result "1-0"]
[WhiteElo "1945"]
[BlackElo "1901"]
[PlyCount "133"]
[EventDate "2024.02.14"]
[EventType "swiss (blitz)"]
[EventRounds "11"]
[EventCountry "NET"]
[SourceTitle "CB08_2024"]
[SourceDate "2024.02.21"]
[SourceVersion "1"]
[SourceVersionDate "2024.02.21"]
[SourceQuality "1"]

1. d4 Nf6 2. Bf4 g6 3. Nc3 Bg7 4. Qd2 d6 5. 0-0-0 h5 6. e4 b6 7. f3 0-0 8. Bh6 c5 9. Bxg7 Kxg7 10. Qe3 cxd4 11. Rxd4 Nc6 12. Rd1 Ne5 13. g4 Be6 14. g5 Nfd7 15. f4 Nc4 16. Bxc4 Bxc4 17. Qd4+ e5 18. Qxc4 Rc8 19. Qd5 exf4 20. Nf3 Nc5 21. e5 b5 22. exd6 Qa5 23. Qe5+ Kh7 24. Nd5 Nd7 25. Qe7 Qa4 26. Nd4 Qxa2 27. Qxd7 Qxd5 28. Nb3 Qg2 29. Nd2 f3 30. Rhg1 Qe2 31. Rge1 Qxh2 32. Rf1 Qf4 33. Rxf3 Qa4 34. Rxf7+ Rxf7 35. Qxf7+ Kh8 36. Qb3 Qa1+ 37. Nb1 Qa6 38. d7 Rd8 39. Qc3+ Kh7 40. Qf6 Qxf6 41. gxf6 h4 42. f7 Kg7 43. Rf1 Kf8 44. Rh1 g5 45. Rf1 Rxd7 46. Nd2 g4 47. Ne4 g3 48. Ng5 Rd5 49. Ne6+ Ke7 50. f8Q+ Kxe6 51. Qf7+ Ke5 52. Re1+ Kd6 53. Qf6+ Kc5 54. Qg6 h3 55. Qxg3 h2 56. Qc3+ Kd6 57. Rh1 b4 58. Qxb4+ Ke5 59. Rxh2 a5 60. Re2+ Kf5 61. Qe4+ Kf6 62. Qxd5 Kg6 63. Qxa5 Kf6 64. Qb6+ Kf5 65. Qe3 Kf6 66. Rf2+ Kg6 67. Qg3+ 1-0

[Event "Speed Chess (Women) Q1"]
[Site "Chess.com INT"]
[Date "2021.05.28"]
[Round "4"]
[White "Mendoza, Beverly"]
[Black "Arpita, Mukherjee"]
[Result "0-1"]
[WhiteElo "1945"]
[BlackElo "2206"]
[PlyCount "56"]
[EventDate "2021.05.28"]
[EventType "swiss (blitz)"]
[EventRounds "9"]
[EventCountry "USA"]
[SourceTitle "CBM 202 Extra"]
[Source "ChessBase"]
[SourceDate "2021.07.31"]
[SourceVersion "1"]
[SourceVersionDate "2021.07.31"]
[SourceQuality "1"]

1. d4 Nf6 2. Nf3 g6 3. Bf4 Bg7 4. Nc3 d6 5. Qd2 0-0 6. Bh6 c6 7. 0-0-0 b5 8. Bxg7 Kxg7 9. e4 b4 10. e5 bxc3 11. exf6+ exf6 12. Qxc3 d5 13. h4 h5 14. Be2 Bf5 15. Bd3 Bg4 16. Rde1 Bxf3 17. gxf3 Qd6 18. Qd2 Nd7 19. Rhg1 Rab8 20. c3 c5 21. Qc2 f5 22. Bxf5 cxd4 23. Kb1 dxc3 24. Qxc3+ d4 25. Qd2 Ne5 26. Be4 Nc4 27. Qg5 Rxb2+ 28. Ka1 Rxa2+ 0-1

[Event "Speed Chess (Women) Q1"]
[Site "Chess.com INT"]
[Date "2021.05.28"]
[Round "2"]
[White "Mendoza, Beverly"]
[Black "Varshini, Veileven"]
[Result "1-0"]
[WhiteElo "1945"]
[BlackElo "2226"]
[PlyCount "47"]
[EventDate "2021.05.28"]
[EventType "swiss (blitz)"]
[EventRounds "9"]
[EventCountry "USA"]
[SourceTitle "CBM 202 Extra"]
[Source "ChessBase"]
[SourceDate "2021.07.31"]
[SourceVersion "1"]
[SourceVersionDate "2021.07.31"]
[SourceQuality "1"]

1. d4 d5 2. Nf3 Nf6 3. Bf4 e6 4. e3 Be7 5. Nbd2 0-0 6. Bd3 b6 7. Ne5 Bb7 8. Qf3 c5 9. c3 Nbd7 10. Qh3 Re8 11. Nxd7 Qxd7 12. 0-0 h6 13. f3 Bf8 14. g4 cxd4 15. exd4 Bd6 16. Bxh6 gxh6 17. Qxh6 Qd8 18. g5 Bf4 19. Rf2 Be3 20. Nf1 Bxf2+ 21. Kxf2 Ne4+ 22. fxe4 dxe4 23. Ng3 e3+ 24. Ke1 1-0

[Event "Titled Tuesday intern op 06th Apr"]
[Site "Chess.com INT"]
[Date "2021.04.06"]
[Round "3"]
[White "Mendoza, Beverly"]
[Black "Bodnar, Nikolay"]
[Result "0-1"]
[WhiteElo "1945"]
[BlackElo "2434"]
[PlyCount "46"]
[EventDate "2021.04.06"]
[EventType "swiss (blitz)"]
[EventRounds "11"]
[EventCountry "USA"]
[SourceTitle "CBM 201 Extra"]
[Source "ChessBase"]
[SourceDate "2021.05.31"]
[SourceVersion "1"]
[SourceVersionDate "2021.05.31"]
[SourceQuality "1"]

1. d4 Nf6 2. Nf3 g6 3. Bf4 Bg7 4. Nc3 d5 5. Qd2 Ne4 6. Qe3 Nxc3 7. Qxc3 Nc6 8. e3 0-0 9. 0-0-0 Bf5 10. h3 a5 11. g4 Be4 12. Be2 Nb4 13. Qxc7 Qxc7 14. Bxc7 Rfc8 15. Be5 Rxc2+ 16. Kb1 Rxe2+ 17. Ka1 Nc2+ 18. Kb1 Nxd4+ 19. Ka1 Nc2+ 20. Kb1 Nxe3+ 21. Ka1 Nxd1 22. Rxd1 Bxf3 23. Bxg7 Kxg7 0-1

[Event "Titled Tuesday intern op 03rd Nov"]
[Site "Chess.com INT"]
[Date "2020.11.03"]
[Round "2"]
[White "Buscar, Michael"]
[Black "Mendoza, Beverly"]
[Result "1-0"]
[WhiteElo "2088"]
[BlackElo "1945"]
[PlyCount "107"]
[EventDate "2020.11.03"]
[EventType "swiss (blitz)"]
[EventRounds "11"]
[EventCountry "USA"]
[SourceTitle "CBM 199 Extra"]
[Source "ChessBase"]
[SourceDate "2021.01.31"]
[SourceVersion "1"]
[SourceVersionDate "2021.01.31"]
[SourceQuality "1"]

1. Nf3 Nf6 2. c4 g6 3. g3 Bg7 4. Bg2 0-0 5. 0-0 d6 6. d3 e5 7. Nc3 Nc6 8. Rb1 Re8 9. Ne1 Bf5 10. Nc2 h5 11. Ne3 Be6 12. b4 Qd7 13. Ncd5 Rab8 14. b5 Nd4 15. Bb2 c6 16. Nxf6+ Bxf6 17. a4 Bh3 18. Bxd4 exd4 19. Nc2 h4 20. Ne1 Kg7 21. a5 c5 22. Qd2 Rh8 23. Qf4 Bxg2 24. Nxg2 hxg3 25. fxg3 Be5 26. Qf3 f5 27. Nf4 Rh6 28. Rf2 Rbh8 29. a6 b6 30. Ra1 Rb8 31. Nd5 Qd8 32. Rg2 Qg5 33. Rf1 Rbh8 34. Nc7 Qe7 35. Qb7 Re8 36. Nd5 Qxb7 37. axb7 Rb8 38. Ra1 Rxb7 39. Ra2 Rh8 40. Rf2 Ra8 41. Rf1 Bf6 42. Rfa1 Bd8 43. Nf4 Kf6 44. h4 Kg7 45. Kg2 Rf7 46. Kf3 Re7 47. Nd5 Re5 48. Rxa7+ Rxa7 49. Rxa7+ Kh6 50. Rd7 Re8 51. Rxd6 Kh5 52. Nf6+ Bxf6 53. Rxf6 Re3+ 54. Kf2 1-0

[Event "Titled Tuesday intern op 03rd Nov"]
[Site "Chess.com INT"]
[Date "2020.11.03"]
[Round "9"]
[White "Ortez, Andrea"]
[Black "Mendoza, Beverly"]
[Result "0-1"]
[WhiteElo "1969"]
[BlackElo "1945"]
[PlyCount "72"]
[EventDate "2020.11.03"]
[EventType "swiss (blitz)"]
[EventRounds "11"]
[EventCountry "USA"]
[SourceTitle "CBM 199 Extra"]
[Source "ChessBase"]
[SourceDate "2021.01.31"]
[SourceVersion "1"]
[SourceVersionDate "2021.01.31"]
[SourceQuality "1"]

1. e4 e6 2. d4 d5 3. exd5 exd5 4. Bd3 Bd6 5. Nf3 Ne7 6. c3 0-0 7. 0-0 Bf5 8. Re1 Nbc6 9. Bf1 Qd7 10. a4 Rae8 11. Be3 Ng6 12. Nbd2 Bg4 13. b4 Kh8 14. b5 Nce7 15. c4 Bb4 16. Qb3 Bxd2 17. Nxd2 Nf5 18. cxd5 Nxe3 19. fxe3 f5 20. e4 fxe4 21. Nxe4 Nf4 22. Re3 Nxd5 23. Ree1 Qf5 24. Bc4 Nf4 25. Ng3 Qf6 26. Qc3 Nh3+ 27. gxh3 Qf2+ 28. Kh1 Bf3+ 29. Qxf3 Qxf3+ 30. Kg1 Qf2+ 31. Kh1 Rxe1+ 32. Rxe1 Qxe1+ 33. Kg2 Qd2+ 34. Be2 Re8 35. h4 Rxe2+ 36. Nxe2 Qxe2+ 0-1

[Event "Titled Tuesday intern op 06th Oct"]
[Site "Chess.com INT"]
[Date "2020.10.06"]
[Round "9"]
[White "Mendoza, Beverly"]
[Black "Sharmin, Samiha Shimmi"]
[Result "0-1"]
[WhiteElo "1945"]
[BlackElo "1812"]
[PlyCount "96"]
[EventDate "2020.10.06"]
[EventType "swiss (blitz)"]
[EventRounds "10"]
[EventCountry "USA"]
[SourceTitle "CBM 198 Extra"]
[Source "ChessBase"]
[SourceDate "2020.11.30"]
[SourceVersion "1"]
[SourceVersionDate "2020.11.30"]
[SourceQuality "1"]

1. d4 e6 2. Bf4 d5 3. Nf3 Nf6 4. e3 c5 5. Nbd2 Nc6 6. c3 Bd6 7. Bg3 b6 8. Ne5 Bb7 9. f4 0-0 10. Bd3 Ne7 11. Qb1 g6 12. 0-0 Nf5 13. Bf2 Be7 14. g4 Nd6 15. f5 Nfe4 16. Nxe4 dxe4 17. Bc2 exf5 18. dxc5 bxc5 19. Rd1 Qc7 20. Bg3 Qb6 21. a4 a5 22. Qa2 Rad8 23. Kf2 fxg4 24. Nxg4 Nf5 25. Be5 c4 26. Qxc4 h5 27. Bd4 Nxd4 28. cxd4 hxg4 29. b3 Bd5 30. Qe2 Qd6 31. Rh1 Qe6 32. h3 g3+ 33. Ke1 Bxb3 34. Bxe4 Qxe4 35. Rg1 Bb4+ 36. Kf1 Qf5+ 37. Kg2 Qf2+ 38. Qxf2 gxf2 39. Kxf2 Rfe8 40. h4 Kh7 41. Rg2 Bd2 42. Rg3 Bc3 43. h5 gxh5 44. Rh1 Rd5 45. e4 Rxe4 46. Kf3 Re6 47. Rhg1 Rf5+ 48. Kg2 Rg6 0-1

[Event "Titled Tuesday intern op 06th Oct"]
[Site "Chess.com INT"]
[Date "2020.10.06"]
[Round "7"]
[White "Mendoza, Beverly"]
[Black "Swati, Mohota"]
[Result "0-1"]
[WhiteElo "1945"]
[BlackElo "2027"]
[PlyCount "90"]
[EventDate "2020.10.06"]
[EventType "swiss (blitz)"]
[EventRounds "10"]
[EventCountry "USA"]
[SourceTitle "CBM 198 Extra"]
[Source "ChessBase"]
[SourceDate "2020.11.30"]
[SourceVersion "1"]
[SourceVersionDate "2020.11.30"]
[SourceQuality "1"]

1. d4 d5 2. Bf4 c6 3. Nf3 Qb6 4. Qc1 Bf5 5. e3 e6 6. Be2 Nf6 7. h3 h6 8. 0-0 Nbd7 9. c4 Ne4 10. c5 Qd8 11. b4 Be7 12. b5 cxb5 13. Bxb5 0-0 14. Nbd2 Bf6 15. Bd6 Nxd6 16. cxd6 Rc8 17. Qa3 a6 18. Bxd7 Qxd7 19. Ne5 Qb5 20. Rac1 Qe2 21. d7 Rcd8 22. Ndf3 Bxe5 23. Nxe5 f6 24. Rfe1 Qh5 25. g4 Bxg4 26. hxg4 Qh4 27. e4 fxe5 28. Qg3 Qxg3+ 29. fxg3 exd4 30. Rc7 d3 31. exd5 exd5 32. Rd1 Rf3 33. Kg2 Re3 34. Rxb7 Re2+ 35. Kf3 Rxa2 36. Rxd3 Ra5 37. Re3 Rb5 38. Re8+ Kf7 39. Rxb5 Rxd7 40. Rbb8 d4 41. Ke2 d3+ 42. Kd2 a5 43. Rf8+ Kg6 44. Ra8 Rd5 45. Rfd8 Rxd8 0-1

[Event "Titled Tuesday intern op 06th Oct"]
[Site "Chess.com INT"]
[Date "2020.10.06"]
[Round "2"]
[White "Tokman, Ariel"]
[Black "Mendoza, Beverly"]
[Result "1-0"]
[WhiteElo "2316"]
[BlackElo "1945"]
[PlyCount "73"]
[EventDate "2020.10.06"]
[EventType "swiss (blitz)"]
[EventRounds "10"]
[EventCountry "USA"]
[SourceTitle "CBM 198 Extra"]
[Source "ChessBase"]
[SourceDate "2020.11.30"]
[SourceVersion "1"]
[SourceVersionDate "2020.11.30"]
[SourceQuality "1"]

1. d4 Nf6 2. Nf3 g6 3. c4 Bg7 4. Nc3 d6 5. g3 0-0 6. Bg2 c6 7. 0-0 Nbd7 8. Qc2 Qc7 9. Rd1 e5 10. e4 Re8 11. b3 exd4 12. Nxd4 a5 13. Bb2 Nc5 14. Re1 Ne6 15. Rad1 Nxd4 16. Rxd4 Be6 17. Red1 Rad8 18. Qd2 Ng4 19. Rxd6 Rxd6 20. Qxd6 Qb6 21. Qd2 Bf6 22. h3 Rd8 23. Qe2 Nxf2 24. Qxf2 Bd4 25. Rxd4 Qxd4 26. Qxd4 Rxd4 27. Bf1 Rd2 28. Ba3 Rc2 29. Na4 Kg7 30. Bd6 Rxa2 31. Be5+ f6 32. Bd4 Kf7 33. Bc3 Ra3 34. Nc5 Bc8 35. Nd3 Rxb3 36. Bxa5 Rb1 37. Bd2 1-0

[Event "Titled Tuesday intern op 06th Oct"]
[Site "Chess.com INT"]
[Date "2020.10.06"]
[Round "8"]
[White "Zavivaeva, Evelina"]
[Black "Mendoza, Beverly"]
[Result "0-1"]
[WhiteElo "1589"]
[BlackElo "1945"]
[PlyCount "88"]
[EventDate "2020.10.06"]
[EventType "swiss (blitz)"]
[EventRounds "10"]
[EventCountry "USA"]
[SourceTitle "CBM 198 Extra"]
[Source "ChessBase"]
[SourceDate "2020.11.30"]
[SourceVersion "1"]
[SourceVersionDate "2020.11.30"]
[SourceQuality "1"]

1. e4 e6 2. d4 d5 3. exd5 exd5 4. Bd3 Bd6 5. c3 Ne7 6. Be3 0-0 7. Ne2 Bf5 8. 0-0 Nbc6 9. Qc2 Qd7 10. Nd2 Rae8 11. Nf3 Bxd3 12. Qxd3 Qf5 13. Qxf5 Nxf5 14. Nf4 Nxe3 15. fxe3 Rxe3 16. Nxd5 Re2 17. Rf2 Rfe8 18. Raf1 Na5 19. Rxe2 Rxe2 20. Rf2 Re8 21. Nd2 c6 22. Nb4 c5 23. Nd3 cxd4 24. cxd4 Nc6 25. Nb3 Re3 26. Ndc5 Re1+ 27. Rf1 Bxh2+ 28. Kf2 Bg3+ 29. Kg1 Re2 30. Nxb7 Rxb2 31. Rc1 Ne7 32. Rc5 Kf8 33. Kf1 Rf2+ 34. Kg1 Rxa2 35. Kf1 Rf2+ 36. Kg1 Rb2 37. Kf1 Rxb3 38. Na5 Rb2 39. Kg1 Bf2+ 40. Kh2 Bxd4 41. Rh5 h6 42. Kh3 Ra2 43. Kh2 Ng6 44. Rb5 Be5+ 0-1

[Event "Titled Tuesday intern op 15th Sept"]
[Site "Chess.com INT"]
[Date "2020.09.15"]
[Round "10"]
[White "Mendoza, Beverly"]
[Black "Levine, Joseph1111"]
[Result "0-1"]
[WhiteElo "1945"]
[BlackElo "2073"]
[PlyCount "56"]
[EventDate "2020.09.15"]
[EventType "swiss (blitz)"]
[EventRounds "10"]
[EventCountry "USA"]
[SourceTitle "CBM 198 Extra"]
[Source "ChessBase"]
[SourceDate "2020.11.30"]
[SourceVersion "1"]
[SourceVersionDate "2020.11.30"]
[SourceQuality "1"]

1. d4 d5 2. Nf3 Nf6 3. Bf4 Bf5 4. e3 e6 5. Bd3 Bg6 6. Ne5 Bd6 7. Nd2 Nbd7 8. Nxg6 hxg6 9. Bxd6 cxd6 10. 0-0 e5 11. c3 Rc8 12. Rc1 Qe7 13. Bc2 a6 14. Qe2 Nf8 15. dxe5 dxe5 16. e4 Ne6 17. exd5 Nf4 18. Qf3 g5 19. Bf5 Rd8 20. Ne4 N6xd5 21. Rcd1 g6 22. g3 gxf5 23. gxf4 fxe4 24. Qxe4 Nxf4 25. Rxd8+ Kxd8 26. Rd1+ Kc8 27. Qf5+ Qe6 28. Qe4 Qg4+ 0-1

[Event "Titled Tuesday intern op 15th Sept"]
[Site "Chess.com INT"]
[Date "2020.09.15"]
[Round "3"]
[White "Mendoza, Beverly"]
[Black "Mikheev, Stanislav Valerievi"]
[Result "0-1"]
[WhiteElo "1945"]
[BlackElo "2291"]
[PlyCount "50"]
[EventDate "2020.09.15"]
[EventType "swiss (blitz)"]
[EventRounds "10"]
[EventCountry "USA"]
[SourceTitle "CBM 198 Extra"]
[Source "ChessBase"]
[SourceDate "2020.11.30"]
[SourceVersion "1"]
[SourceVersionDate "2020.11.30"]
[SourceQuality "1"]

1. d4 Nf6 2. Bf4 d5 3. Nf3 c5 4. e3 Nc6 5. c3 e6 6. Nbd2 Bd6 7. Bg3 0-0 8. Ne5 Qe7 9. Bd3 Nd7 10. f4 f6 11. Qh5 g6 12. Nxg6 hxg6 13. Bxg6 e5 14. fxe5 fxe5 15. Bh4 Nf6 16. Qg5 Qg7 17. 0-0 Nh7 18. Bxh7+ Kxh7 19. dxe5 Qxg5 20. Bxg5 Nxe5 21. Rxf8 Bxf8 22. Rf1 Be6 23. Bf6 Ng4 24. Bg5 Bd6 25. h3 Ne5 0-1

[Event "Titled Tuesday intern op 15th Sept"]
[Site "Chess.com INT"]
[Date "2020.09.15"]
[Round "1"]
[White "Mendoza, Beverly"]
[Black "Sawlin, Leonid"]
[Result "0-1"]
[WhiteElo "1945"]
[BlackElo "2385"]
[PlyCount "56"]
[EventDate "2020.09.15"]
[EventType "swiss (blitz)"]
[EventRounds "10"]
[EventCountry "USA"]
[SourceTitle "CBM 198 Extra"]
[Source "ChessBase"]
[SourceDate "2020.11.30"]
[SourceVersion "1"]
[SourceVersionDate "2020.11.30"]
[SourceQuality "1"]

1. d4 e6 2. Bf4 d5 3. Nf3 Bd6 4. Bg3 Nf6 5. e3 Ne4 6. Nbd2 Nxg3 7. hxg3 c5 8. c3 Nc6 9. Bd3 h6 10. 0-0 0-0 11. dxc5 Bxc5 12. e4 Qc7 13. Qe2 Qxg3 14. Nb3 Bb6 15. a4 Ne5 16. Nxe5 Qxe5 17. a5 Bc7 18. f4 Qd6 19. e5 Qe7 20. Nd4 Bd7 21. Rf3 a6 22. Rg3 f6 23. Qh5 Kh8 24. Bg6 Be8 25. Re1 fxe5 26. fxe5 Bxa5 27. Bxe8 Raxe8 28. Rg6 Qf7 0-1

[Event "Titled Tuesday intern op 15th Sept"]
[Site "Chess.com INT"]
[Date "2020.09.15"]
[Round "9"]
[White "Mendoza, Beverly"]
[Black "Suvorov, Luca"]
[Result "0-1"]
[WhiteElo "1945"]
[BlackElo "2279"]
[PlyCount "124"]
[EventDate "2020.09.15"]
[EventType "swiss (blitz)"]
[EventRounds "10"]
[EventCountry "USA"]
[SourceTitle "CBM 198 Extra"]
[Source "ChessBase"]
[SourceDate "2020.11.30"]
[SourceVersion "1"]
[SourceVersionDate "2020.11.30"]
[SourceQuality "1"]

1. d4 Nf6 2. Bf4 e6 3. Nf3 b6 4. Nbd2 Bb7 5. e3 d6 6. Bd3 Nbd7 7. 0-0 Qe7 8. e4 h6 9. h3 g5 10. Bg3 Bg7 11. a4 0-0 12. Qe2 a5 13. h4 g4 14. Nh2 h5 15. f3 gxf3 16. Qxf3 c5 17. c3 cxd4 18. cxd4 Rac8 19. Bf4 Nh7 20. Qg3 Kh8 21. Bxd6 Qe8 22. Bxf8 Bxd4+ 23. Kh1 Qxf8 24. Ndf3 Bf6 25. Ng5 Nxg5 26. hxg5 Be5 27. Qh4 Kg8 28. Nf3 Bg7 29. Qxh5 Nc5 30. g6 fxg6 31. Qxg6 Qe8 32. Qxe8+ Rxe8 33. Bb5 Rd8 34. e5 Ne4 35. Kg1 Bh6 36. Rad1 Be3+ 37. Kh2 Bf4+ 38. Kh3 Rf8 39. Rd7 Bd5 40. g4 Be3 41. Kg2 Nf2 42. Rxf2 Bxf2 43. Rxd5 exd5 44. Kxf2 Rf4 45. Ke3 Re4+ 46. Kd3 Rxg4 47. Bc6 Rg3 48. Bxd5+ Kf8 49. Ke4 Ke7 50. Kf5 Rg2 51. Nd4 Rxb2 52. Nc6+ Ke8 53. Ke6 Rh2 54. Be4 Rh6+ 55. Kd5 Kd7 56. Bf5+ Ke8 57. e6 Rh5 58. Ke5 Rh4 59. Bg6+ Kf8 60. Kf6 Rf4+ 61. Bf5 Rf1 62. Ne5 Ke8 0-1

[Event "Titled Tuesday intern op 15th Sept"]
[Site "Chess.com INT"]
[Date "2020.09.15"]
[Round "8"]
[White "Silich, Yahor"]
[Black "Mendoza, Beverly"]
[Result "0-1"]
[WhiteElo "2330"]
[BlackElo "1945"]
[PlyCount "70"]
[EventDate "2020.09.15"]
[EventType "swiss (blitz)"]
[EventRounds "10"]
[EventCountry "USA"]
[SourceTitle "CBM 198 Extra"]
[Source "ChessBase"]
[SourceDate "2020.11.30"]
[SourceVersion "1"]
[SourceVersionDate "2020.11.30"]
[SourceQuality "1"]

1. e4 e6 2. d4 d5 3. Nc3 Nf6 4. e5 Nfd7 5. f4 c5 6. Nf3 Nc6 7. Be3 cxd4 8. Nxd4 Qb6 9. Qd2 Qxb2 10. Rb1 Qa3 11. Bb5 Nxd4 12. Bxd4 a6 13. Bxd7+ Bxd7 14. Rb3 Qe7 15. Rxb7 Qh4+ 16. g3 Qd8 17. 0-0 Qc8 18. Rfb1 Bc5 19. f5 0-0 20. f6 gxf6 21. exf6 Kh8 22. Ne2 e5 23. Be3 d4 24. Bf2 Qc6 25. Qh6 Rg8 26. Rb8 Bf8 27. Qh4 Rxb8 28. Rxb8 Qxc2 29. Rd8 Bc6 30. Kf1 d3 31. Ng1 Qc1+ 32. Be1 Qe3 33. Bf2 Qc1+ 34. Be1 Qc2 35. Qh5 Qg2# 0-1

[Event "Titled Tuesday intern op 15th Sept"]
[Site "Chess.com INT"]
[Date "2020.09.15"]
[Round "2"]
[White "Tronenkovs, Valdis"]
[Black "Mendoza, Beverly"]
[Result "1-0"]
[WhiteElo "2265"]
[BlackElo "1945"]
[PlyCount "61"]
[EventDate "2020.09.15"]
[EventType "swiss (blitz)"]
[EventRounds "10"]
[EventCountry "USA"]
[SourceTitle "CBM 198 Extra"]
[Source "ChessBase"]
[SourceDate "2020.11.30"]
[SourceVersion "1"]
[SourceVersionDate "2020.11.30"]
[SourceQuality "1"]

1. e4 e6 2. d4 d5 3. Nc3 Nf6 4. Bg5 Be7 5. e5 Nfd7 6. h4 h6 7. Bxe7 Qxe7 8. Qd2 a6 9. f4 c5 10. Nf3 Nc6 11. 0-0-0 b5 12. dxc5 Nxc5 13. Ne2 Ne4 14. Qe3 Bd7 15. Ned4 Qc5 16. Bd3 Ng3 17. Rh3 Nh5 18. g4 Rc8 19. gxh5 Nb4 20. Kb1 Qb6 21. c3 Nxd3 22. Qxd3 b4 23. cxb4 Qxb4 24. Nc2 Qxf4 25. Qd4 Qf5 26. Rh2 Qxf3 27. Rg1 0-0 28. Rf2 Qxh5 29. Qf4 Kh8 30. Nd4 Bb5 31. Rfg2 1-0

[Event "Titled Tuesday intern op 11th Aug"]
[Site "Chess.com INT"]
[Date "2020.08.11"]
[Round "8"]
[White "Bach, Ngoc Thuy Duong"]
[Black "Mendoza, Beverly"]
[Result "1-0"]
[WhiteElo "2239"]
[BlackElo "1945"]
[PlyCount "59"]
[EventDate "2020.08.11"]
[EventType "swiss (blitz)"]
[EventRounds "10"]
[EventCountry "USA"]
[SourceTitle "CBM 197 Extra"]
[Source "ChessBase"]
[SourceDate "2020.09.30"]
[SourceVersion "1"]
[SourceVersionDate "2020.09.30"]
[SourceQuality "1"]

1. d4 Nf6 2. c4 g6 3. Nc3 Bg7 4. e4 d6 5. Nf3 0-0 6. Be2 Nc6 7. 0-0 e5 8. d5 Ne7 9. b4 a5 10. Ba3 axb4 11. Bxb4 b6 12. a4 Ne8 13. Nb5 Bd7 14. a5 bxa5 15. Bxa5 h6 16. Bc3 Rxa1 17. Qxa1 f5 18. Nd2 fxe4 19. Nxe4 Nf5 20. c5 Qh4 21. Qb1 Bxb5 22. Bxb5 Nd4 23. Bxd4 exd4 24. cxd6 Nxd6 25. Nxd6 cxd6 26. Qxg6 Kh8 27. Bd3 Kg8 28. Qh7+ Kf7 29. Re1 Rh8 30. Qg6+ 1-0

[Event "Titled Tuesday intern op 4th Aug 10am"]
[Site "Chess.com INT"]
[Date "2020.08.04"]
[Round "9"]
[White "Benkovic, Petar"]
[Black "Mendoza, Beverly"]
[Result "1-0"]
[WhiteElo "2399"]
[BlackElo "1945"]
[PlyCount "69"]
[EventDate "2020.08.04"]
[EventType "swiss (blitz)"]
[EventRounds "10"]
[EventCountry "USA"]
[SourceTitle "CBM 197 Extra"]
[Source "ChessBase"]
[SourceDate "2020.09.30"]
[SourceVersion "1"]
[SourceVersionDate "2020.09.30"]
[SourceQuality "1"]

1. Nf3 Nf6 2. c4 g6 3. Nc3 Bg7 4. e4 d6 5. d4 0-0 6. Be2 Nc6 7. 0-0 e5 8. d5 Ne7 9. Ne1 Ne8 10. Nd3 f5 11. Bd2 Nf6 12. f3 f4 13. c5 g5 14. cxd6 cxd6 15. Nf2 h5 16. h3 Bd7 17. Qb3 b6 18. Rac1 Qe8 19. Nb5 Bxb5 20. Qxb5 Qg6 21. Rc7 Kf7 22. Rfc1 Rfd8 23. Qa6 g4 24. Qb7 Bf8 25. fxg4 hxg4 26. hxg4 Ne8 27. Rd7 Rdb8 28. Qa6 Bh6 29. Rc3 Bg5 30. Rh3 Nf6 31. Rxa7 Rxa7 32. Qxa7 Rc8 33. Bc3 f3 34. Rxf3 Bf4 35. Rh3 1-0

[Event "Titled Tuesday intern op 4th Aug 10am"]
[Site "Chess.com INT"]
[Date "2020.08.04"]
[Round "5"]
[White "Mendoza, Beverly"]
[Black "Malinovsky, Rostyslav"]
[Result "1-0"]
[WhiteElo "1945"]
[BlackElo "2174"]
[PlyCount "81"]
[EventDate "2020.08.04"]
[EventType "swiss (blitz)"]
[EventRounds "10"]
[EventCountry "USA"]
[SourceTitle "CBM 197 Extra"]
[Source "ChessBase"]
[SourceDate "2020.09.30"]
[SourceVersion "1"]
[SourceVersionDate "2020.09.30"]
[SourceQuality "1"]

1. d4 Nf6 2. Bf4 g6 3. Nc3 Bg7 4. Qd2 d5 5. 0-0-0 h5 6. f3 Bf5 7. Kb1 a6 8. Nh3 Bxh3 9. gxh3 Nbd7 10. e4 c6 11. e5 Ng8 12. e6 fxe6 13. Bd3 Nf8 14. Rhg1 Nf6 15. Bxg6+ Nxg6 16. Rxg6 Kf7 17. Rdg1 Rh7 18. Qd3 Qh8 19. Be5 Rf8 20. Ne2 Bh6 21. f4 Ke8 22. Qb3 b5 23. Qa3 Rg7 24. Qxa6 Rxg6 25. Rxg6 Qh7 26. Qxc6+ Kf7 27. f5 exf5 28. Rxf6+ exf6 29. Qxf6+ Kg8 30. Qe6+ Rf7 31. Qe8+ Bf8 32. Nf4 Qh6 33. Qc8 Qg5 34. a3 Qe7 35. Ng6 Qb7 36. Qe8 Qd7 37. Qa8 Qe6 38. Nf4 Qd7 39. Nxd5 Qe6 40. Nf4 Qc4 41. Qg2+ 1-0